Methods of modern mathematical physics
Αποθηκεύτηκε σε:
| Κύριος συγγραφέας: | |
|---|---|
| Άλλοι συγγραφείς: | |
| Μορφή: | Βιβλίο |
| Γλώσσα: | English |
| Δημοσίευση: |
New York :
Academic Press,
c1975 1980
|
| Έκδοση: | Rev. ed. and enl. |
| Θέματα: | |
| Ετικέτες: |
Προσθήκη ετικέτας
Δεν υπάρχουν, Καταχωρήστε ετικέτα πρώτοι!
|
MARC
| LEADER | 00000nam a2200000 i 4500 | ||
|---|---|---|---|
| 001 | 1/105534 | ||
| 008 | 941103s19751980 eng d | ||
| 020 | |a 0-12-585050-6 | ||
| 020 | |a 0-12-585002-6 | ||
| 020 | |a 0-12-585003-4 | ||
| 020 | |a 0-12-585004-2 | ||
| 035 | |a 1993 |c ΚΩΤΣΑΚΗΣ |l 10059287 | ||
| 035 | |a 1993 |c ΧΑΤΖΗΣΑΒΒΑΣ | ||
| 035 | |a 1990 | ||
| 040 | |a GR-MY-UA |b gre |e aacr | ||
| 041 | 0 | |a eng | |
| 082 | 0 | |a 530.15 |2 (19) | |
| 100 | 1 | |a Reed, Michael |d 1942- | |
| 245 | 1 | 0 | |a Methods of modern mathematical physics / |c Michael Reed, Barry Simon |
| 250 | |a Rev. ed. and enl. | ||
| 260 | |a New York : |b Academic Press, |c c1975 |c 1980 | ||
| 300 | |a τ. 4; |b εικ.; |c 24 εκ. | ||
| 504 | |a Περιέχει βιβλιογραφικές παραπομπές και ευρετήρια | ||
| 505 | 0 | |a Τ.1. Functional analysisτ.2. Fourier analysis, self-adjointnessτ.3. Scattering theoryτ.4. Analysis of operators | |
| 650 | 0 | 0 | |a Mathematical physics. |
| 650 | 0 | 0 | |a Functional analysis. |
| 700 | 1 | |a Simon, Barry |d 1946- | |
| 740 | 0 | 2 | |a Functional analysis |
| 740 | 0 | 2 | |a Fourier analysis, self-adjointness |
| 740 | 0 | 2 | |a Scattering theory |
| 740 | 0 | 2 | |a Analysis of operators |
| 852 | |a INST |b LESVOS |e 20000328 |h 530.15 REE |p 005100020347 |q 005100020347 |t BK |y 0 |z v.4 | ||
| 852 | |a INST |b LESVOS |e 20000328 |h 530.15 REE |p 005100020348 |q 005100020348 |t BK |y 0 |z v.3 | ||
| 852 | |a INST |b LESVOS |e 20000328 |h 530.15 REE |p 005100020349 |q 005100020349 |t BK |y 0 |z v.2 | ||
| 852 | |a INST |b LESVOS |e 20000328 |h 530.15 REE |p 005100020347 |q 005100020347 |t BK |v v.4: |y 0 |z v.4 | ||
| 852 | |a INST |b LESVOS |e 20000328 |h 530.15 REE |p 005100020348 |q 005100020348 |t BK |v v.3: |y 0 |z v.3 | ||
| 852 | |a INST |b LESVOS |e 20000328 |h 530.15 REE |p 005100020349 |q 005100020349 |t BK |v v.2: |y 0 |z v.2 | ||
| 852 | |a INST |b SAMOS |e 19941103 |h 530.15 REE |p 005300000824 |q 005300000824 |t BK |y 0 |z v.3 | ||
| 852 | |a INST |b SAMOS |e 19941103 |h 530.15 REE |p 005300003472 |q 005300003472 |t BK |y 0 |z v.2 | ||
| 852 | |a INST |b SAMOS |e 19941103 |h 530.15 REE |p 005300003473 |q 005300003473 |t BK |y 0 |z v.1 | ||
| 852 | |a INST |b SAMOS |e 19941103 |h 530.15 REE |p 005300003475 |q 005300003475 |t BK |y 0 |z v.4 | ||
| 852 | |a INST |b SAMOS |e 19941103 |h 530.15 REE |p 005300003476 |q 005300003476 |t BK |y 0 |z v.3 | ||
| 852 | |a INST |b SAMOS |e 19941103 |h 530.15 REE |p 005300003896 |q 005300003896 |t BK |y 0 |z v.4 | ||
| 852 | |a INST |b SAMOS |e 19941103 |h 530.15 REE |p 005300004080 |q 005300004080 |t BK |y 0 |z v.1 | ||
| 852 | |a INST |b SAMOS |e 19941103 |h 530.15 REE |p 005300010215 |q 005300010215 |t BK |y 0 |z v.2 | ||
| 852 | |a INST |b SAMOS |e 19941103 |h 530.15 REE |p 005300000824 |q 005300000824 |t BK |v v.3: |y 0 |z v.3 | ||
| 852 | |a INST |b SAMOS |e 19941103 |h 530.15 REE |p 005300003472 |q 005300003472 |t BK |v v.2: |y 0 |z v.2 | ||
| 852 | |a INST |b SAMOS |e 19941103 |h 530.15 REE |p 005300003473 |q 005300003473 |t BK |v v.1: |y 0 |z v.1 | ||
| 852 | |a INST |b SAMOS |e 19941103 |h 530.15 REE |p 005300003475 |q 005300003475 |t BK |v v.4: |y 0 |z v.4 | ||
| 852 | |a INST |b SAMOS |e 19941103 |h 530.15 REE |p 005300003476 |q 005300003476 |t BK |v v.3: |y 0 |z v.3 | ||
| 852 | |a INST |b SAMOS |e 19941103 |h 530.15 REE |p 005300003896 |q 005300003896 |t BK |v v.4: |y 0 |z v.4 | ||
| 852 | |a INST |b SAMOS |e 19941103 |h 530.15 REE |p 005300004080 |q 005300004080 |t BK |v v.1: |y 0 |z v.1 | ||
| 852 | |a INST |b SAMOS |e 19941103 |h 530.15 REE |p 005300010215 |q 005300010215 |t BK |v v.2: |y 0 |z v.2 | ||
| 853 | |a INST |b LESVOS |h 530.15 REE | ||
| 853 | |a INST |b SAMOS |h 530.15 REE | ||
| 909 | |a Λ |b 070912 | ||
| 909 | |a Λ |b 070911 | ||
| 909 | |a Λ |b 070913 | ||
| 909 | |a Σ |b 027710 | ||
| 909 | |a Σ |b 017164 | ||
| 909 | |a Σ |b 027711 | ||
| 909 | |a Σ |b 017165 | ||
| 909 | |a Σ |b 027712 | ||
| 909 | |a Σ |b 017166 | ||
| 909 | |a Σ |b 025881 | ||
| 909 | |a Σ |b 027713 | ||
| 922 | |a 1ΕΛΗ |b 199911 |c ΤΑΚ/ΜΥΡΙΤΖΗΣ |d ΠΑΠΑΣΩΤΗΡΙΟΥ | ||
| 950 | |a 182-1999-10-11 | ||